| 000 | 00419nam a22001337a 4500 | ||
|---|---|---|---|
| 008 | 230406b |||||||| |||| 00| 0 eng d | ||
| 040 |
_aNational Science Library _cNational Science Library |
||
| 080 |
_a339(047.1)(545.2) _bK2 |
||
| 245 | _aTechno-economic survey of Orissa | ||
| 260 |
_aNew Delhi: _bNational Council of Applied Economic Research, _c1962 |
||
| 300 | _axv, 309p. | ||
| 650 | _aSurvey | ||
| 942 |
_2udc _cREF |
||
| 999 |
_c19496 _d19496 |
||